• 首页
  • 本馆介绍
  • 公告通知
  • 最新文献
  • 馆藏检索
  • 电子资源
  • 读者导购
  • 参考咨询
  • 我的图书馆
  • 登录
  • 详细信息显示
  • 放入我的书架
  • 预约/预借图书
  • 作者相关作品
  • 分类相关作品
  • 丛书相关作品
  • 出版社相关作品

书目信息

  • 表格格式
  • 工作单格式
  • 卡片格式
题名:
回忆周总理谈文艺
    
 
作者: 王余 辑录
分册:  
出版信息: 成都   四川人民出版社  1979
页数: 289页
开本: 20cm
丛书名:
单 册:
中图分类: I200 , I03
科图分类:
主题词: 文艺方针--中国 , 文艺工作者
电子资源:
ISBN:
000 00647nam0 2200253 450
001 1538748344
005 20150119104914.78
010    @dCNY0.74
091    @a10118.132@dCNY0.74
100    @a20120720d1979 em y0chiy0121 ea
101 0  @achi
102    @aCN@b140000
105    @ay z 000zy
200 1  @a回忆周总理谈文艺@9hui yi zhou zong li tan wen yi@f王余辑录
210    @a成都@c四川人民出版社@d1979
215    @a289页@d20cm
300    @a内部发行
606 0  @a文艺方针@y中国
606 0  @a文艺工作者
690    @aI200@v5
690    @aI03@v4
701  0 @a王余@9wang yu@4辑录
801  0 @aCN@bTSSF@c20150115
905    @aZUCC@dI03@eJY11
    
    回忆周总理谈文艺/王余辑录.-成都:四川人民出版社,1979
    289页;20cm
    内部发行
    
    ISBN :CNY0.74
    
●
相关链接 在E读中查询图书 在五车中查询图书 在当当中查询图书 在豆瓣中查询图书


正题名:回忆周总理谈文艺     索取号:I03/JY11         预约/预借

序号 登录号 条形码 馆藏地/架位号 状态 备注
1 7835324   278353247   学院路分馆/ [索取号:I03/JY11] 在馆    
2 7835325   278353256   学院路分馆/ [索取号:I03/JY11] 在馆    
3 7843044   278430440   学院路分馆/ [索取号:I03/JY11] 在馆    
4 7843045   278430459   学院路分馆/ [索取号:I03/JY11] 在馆    
唐山师范学院图书馆 欢迎您!
大连网信软件有限公司© 版权所有